| 000 | 00710cam a2200157 4500500 | ||
|---|---|---|---|
| 005 | 20260222001045.0 | ||
| 041 | _afre | ||
| 042 | _adc | ||
| 100 | 1 | 0 |
_aRivet de Sabatier, Philippe _eauthor |
| 245 | 0 | 0 | _aÉtienne Miqueu, Symbiose. Essai sur nos vies ensemble. Flammarion, «Terra Incognita», 2025, 320 páginas, 23 euros. |
| 260 | _c2025. | ||
| 500 | _a48 | ||
| 520 | _aLa Fundación Louis Vuitton, en París, presenta una retrospectiva de la obra de Gerhard Richter, un panorama completo que abarca sesenta años de creación artística. | ||
| 786 | 0 | _nÉtudes | 4333 | 1 | 2025-12-30 | p. 125-125 | |
| 856 | 4 | 1 | _uhttps://shs.cairn.info/revista-etudes-2026-1-page-125?lang=es&redirect-ssocas=7080 |
| 999 |
_c1664242 _d1664242 |
||